Borussia Dortmund: Alle Torschützen der 2000er - Statistiken

Allgemein
  • Dieses Quiz wurde 215 mal gespielt
  • Das Durchschnittsergebnis liegt bei 26 aus 51
Antwortstatistiken
Pos. Nat. Spieler % Korrekt
VER BRA Dede
91%
MIT CZE Tomas Rosicky
90%
ST CZE Jan Koller
89%
VER GER Mats Hummels
88%
ST BRA Marcio Amoroso
83%
ST EGY Mohamed Zidan
83%
ST SUI Alexander Frei
81%
ST PAR Lucas Barrios
81%
MIT GER Sebastian Kehl
81%
VER SRB Neven Subotic
77%
ST BRA Ewerthon
73%
ST PAR Nelson Valdez
73%
MIT TUR Nuri Sahin
73%
ST CRO Mladen Petric
68%
VER GER Christian Wörns
66%
MIT GER Lars Ricken
66%
ST POL Euzebiusz Smolarek
64%
MIT BRA Tinga
61%
MIT BRA Evanilson
60%
MIT POL Jakub Blaszczykowski
59%
MIT GER Florian Kringe
57%
VER GER Christoph Metzelder
56%
MIT GHA Otto Addo
56%
MIT HUN Tamas Hajnal
56%
VER BRA Felipe Santana
52%
MIT GER Kevin Großkreutz
51%
ST ARG Diego Klimowicz
48%
MIT GER Torsten Frings
48%
VER SUI Philipp Degen
47%
ST BUL Dimitar Rangelov
46%
MIT ITA Giovanni Federico
40%
MIT NIG Sunday Oliseh
40%
VER GER Patrick Owomoyela
36%
ST NIG Victor Ikpeba
35%
ST GER Fredi Bobic
34%
VER FRA Ahmed Madouni
33%
ST GER David Odonkor
33%
ST GER Heiko Herrlich
33%
ST ZAF Delron Buckley
32%
MIT GER Jörg Heinrich
31%
MIT GER Marc-Andre Kruska
28%
VER DEN Niclas Jensen
27%
VER GER Markus Brzenska
23%
ST GER Billy Reina
22%
MIT BRA Flavio Conceicao
20%
MIT SRB Miroslav Stevic
19%
VER GER Martin Amedick
16%
ST BRA Leandro
15%
ST GER Salvatore Gambino
15%
MIT GER Christian Nerlinger
14%
MIT GER Marco Stiepermann
9%
Keine übereinstimmenden Quizze gefunden
Verteilung der Resultate
Anzahl Personen mit jedem Resultat
Perzentil nach korrekt beantworteten Fragen
Ihre Resultats-Entwicklung
Sie haben dieses Quiz noch nicht gespielt